Quo vadis, telematika?
Definície dopravnej telematiky. Vymedzenie odboru dopravná telematika. Inteligentné dopravné služby. Financovanie dopravnej telematiky. Právna a legislatívna stránka inteligentných dopravných služieb. Definícia architektúry dopravnej telematiky.
Salvato in:
| Autore principale: | |
|---|---|
| Natura: | Capitolo di libro |
| Lingua: | slovacco |
| Soggetti: | |
| Tags: |
Nessun Tag, puoi essere il primo ad aggiungerne!!
|
MARC
| LEADER | 00000naa$a2200000$$$4500 | ||
|---|---|---|---|
| 001 | 0064764 | ||
| 005 | 20231108134249.0 | ||
| 041 | 0 | |a slo | |
| 044 | |a SK | ||
| 245 | 1 | 0 | |a Quo vadis, telematika? |c Alica Kalašová |
| 520 | |a Definície dopravnej telematiky. Vymedzenie odboru dopravná telematika. Inteligentné dopravné služby. Financovanie dopravnej telematiky. Právna a legislatívna stránka inteligentných dopravných služieb. Definícia architektúry dopravnej telematiky. | ||
| 610 | 2 | 0 | |a doprava |
| 610 | 2 | 0 | |a technológie informačné |
| 610 | 2 | 0 | |a technológie komunikačné |
| 610 | 2 | 0 | |a systémy informačné |
| 610 | 2 | 0 | |a telekomunikácie |
| 610 | 2 | 0 | |a telematika |
| 610 | 2 | 0 | |a investície |
| 610 | 2 | 0 | |a legislatíva |
| 100 | 1 | |a Kalašová, Alica | |